000 00384 a2200169 4500
001 56863
020 _a8508087578
040 _cAnchieta - Pituba
100 _aGomes, Álvaro Cardoso
240 1 0 _aMemórias de um jovem padre
_lpor
245 1 0 _aMemórias de um jovem padre
300 _a136
362 0 _a2005
440 1 _aÁtica
650 4 _aLiteratura juvenil
942 _cBK
999 _c56863
_d56863